000
00187nmm a2200085Ia 4500
008
150209s2015||||xx |||||||||||||||||und||
100
_a
TORTORA
245
_a
THE MICROBIOLOGY
942
_2
ddc
_c
CD
999
_c
5929
_d
5929